| 000 | 00392nam a2200145Ia 4500 | ||
|---|---|---|---|
| 008 | 230711s9999||||xx |||||||||||||| ||und|| | ||
| 041 | _aENG | ||
| 082 |
_a624 _bEN-S |
||
| 100 | _aEnglekirk,Robert | ||
| 245 | 0 | _aSeismic design of reinforced and precast concrete building | |
| 250 | _a1st Ed. | ||
| 260 |
_c2003 _aNew Delhi _bJohn Wiley & Sons.Inc |
||
| 650 | _aCivil Engineering | ||
| 942 | _cBK | ||
| 999 |
_c4380 _d4380 |
||